[Event "CAN-ch"]
[Site "Guelph"]
[Date "2009.08.14"]
[Round "7"]
[White "Kaminski, Victor Kazimierz"]
[Black "Livshits, Ron"]
[Result "1-0"]
[WhiteElo "2268"]
[BlackElo "2332"]
[PlyCount "127"]
[EventDate "2009.08.08"]
[EventType "swiss"]
[EventRounds "9"]
[EventCountry "CAN"]
[SourceTitle "CBM 132 Extra"]
[Source "ChessBase"]
[SourceDate "2009.11.03"]
[SourceVersion "1"]
[SourceVersionDate "2009.11.03"]
[SourceQuality "1"]

1. d4 Nf6 2. Nf3 e6 3. Bf4 b6 4. e3 Bb7 5. Nbd2 d6 6. Bd3 Nbd7 7. c3 g6 8. Qe2 Bg7 9. h3 0-0 10. e4 e5 11. dxe5 dxe5 12. Be3 Qe7 13. Ba6 Bxa6 14. Qxa6 Nc5 15. Qc4 Nb7 16. Bg5 Qc5 17. Bxf6 Bxf6 18. Qe2 Rad8 19. 0-0 Qc6 20. Qc4 Qd7 21. b4 Bg7 22. Rfd1 Rfe8 23. Qa6 Qc6 24. Qc4 Re6 25. b5 Qd7 26. a4 Rd6 27. Re1 Na5 28. Qe2 Rxd2 29. Nxd2 Qxd2 30. Rad1 Qg5 31. Qg4 Rxd1 32. Rxd1 Qxg4 33. hxg4 Bf8 34. Rd5 Nc4 35. Rd7 Nb2 36. a5 bxa5 37. Rxc7 a4 38. Rxa7 Bc5 39. Ra6 Nd1 40. Kf1 Nxf2 41. Rxa4 Kf8 42. Rc4 Nd3 43. g3 Bd6 44. Rc8+ Ke7 45. Ke2 Nc5 46. Kf3 Kd7 47. Rc6 Ne6 48. Ke2 Nc7 49. Rb6 Bc5 50. Rb8 Bd6 51. Kd3 Ne8 52. Rb7+ Bc7 53. b6 Kc8 54. Rxc7+ Nxc7 55. bxc7 Kxc7 56. Kc4 Kc6 57. g5 Kd6 58. Kb5 f6 59. gxf6 h5 60. c4 g5 61. c5+ Ke6 62. c6 h4 63. gxh4 gxh4 64. c7 1-0

[Event "CAN-ch"]
[Site "Guelph"]
[Date "2009.08.13"]
[Round "6"]
[White "Livshits, Ron"]
[Black "Bluvshtein, Mark"]
[Result "0-1"]
[WhiteElo "2332"]
[BlackElo "2558"]
[PlyCount "62"]
[EventDate "2009.08.08"]
[EventType "swiss"]
[EventRounds "9"]
[EventCountry "CAN"]
[SourceTitle "CBM 132 Extra"]
[Source "ChessBase"]
[SourceDate "2009.11.03"]
[SourceVersion "1"]
[SourceVersionDate "2009.11.03"]
[SourceQuality "1"]

1. Nf3 Nf6 2. e3 g6 3. c4 Bg7 4. Nc3 0-0 5. Be2 d6 6. 0-0 e5 7. d3 Nc6 8. Rb1 Bf5 9. Nd2 Ne7 10. e4 Be6 11. b4 Nc6 12. Re1 Nd4 13. Bf1 c6 14. Nb3 Nxb3 15. Qxb3 Nh5 16. Be3 f5 17. exf5 gxf5 18. Rbd1 Qd7 19. f3 d5 20. Bc5 Rf7 21. Bf2 d4 22. Nb1 Kh8 23. Nd2 Rg8 24. Qc2 Bf6 25. Kh1 Rfg7 26. Nb3 b6 27. Nc1 Rg6 28. Ne2 f4 29. Nc1 Qg7 30. Bxd4 Ng3+ 31. hxg3 Qh6+ 0-1

[Event "CAN-ch"]
[Site "Guelph"]
[Date "2009.08.12"]
[Round "5"]
[White "Samsonkin, Artiom"]
[Black "Livshits, Ron"]
[Result "1/2-1/2"]
[WhiteElo "2403"]
[BlackElo "2332"]
[PlyCount "96"]
[EventDate "2009.08.08"]
[EventType "swiss"]
[EventRounds "9"]
[EventCountry "CAN"]
[SourceTitle "CBM 132 Extra"]
[Source "ChessBase"]
[SourceDate "2009.11.03"]
[SourceVersion "1"]
[SourceVersionDate "2009.11.03"]
[SourceQuality "1"]

1. e4 e5 2. Nc3 Nf6 3. f4 d5 4. fxe5 Nxe4 5. Qf3 Nxc3 6. dxc3 Be7 7. Bf4 Be6 8. Bd3 c5 9. 0-0-0 Nc6 10. Bc4 g5 11. Bg3 g4 12. Qf2 Qa5 13. Rxd5 Bxd5 14. Bxd5 0-0-0 15. Qf5+ Kb8 16. e6+ Ka8 17. Ne2 c4 18. Rd1 fxe6 19. Qxe6 Bg5+ 20. Kb1 Ne7 21. Bd6 Qb6 22. Qe5 Nxd5 23. Rxd5 Qe3 24. Qxg5 Qxe2 25. b3 Qe6 26. Qd2 Rhe8 27. Kb2 Qe3 28. Qd1 Rc8 29. b4 Qe2 30. Qg1 Qe1 31. Qd4 Qe4 32. Qd2 Rcd8 33. Rd4 Qe3 34. Qxe3 Rxe3 35. Rxg4 b6 36. Bc7 Rc8 37. Rg7 h5 38. g3 Re2 39. h4 Rce8 40. Bf4 R8e7 41. Rg8+ Kb7 42. b5 a5 43. Rb8+ Ka7 44. Rc8 R2e4 45. Rh8 Re2 46. Rc8 R2e4 47. Rh8 Re2 48. Rc8 R2e4 1/2-1/2

[Event "CAN-ch"]
[Site "Guelph"]
[Date "2009.08.11"]
[Round "4"]
[White "Livshits, Ron"]
[Black "Hambleton, Aman"]
[Result "1-0"]
[WhiteElo "2332"]
[BlackElo "2052"]
[PlyCount "59"]
[EventDate "2009.08.08"]
[EventType "swiss"]
[EventRounds "9"]
[EventCountry "CAN"]
[SourceTitle "CBM 132 Extra"]
[Source "ChessBase"]
[SourceDate "2009.11.03"]
[SourceVersion "1"]
[SourceVersionDate "2009.11.03"]
[SourceQuality "1"]

1. d4 Nf6 2. c4 c5 3. d5 b5 4. cxb5 a6 5. bxa6 g6 6. Nc3 Bxa6 7. Nf3 d6 8. e4 Bxf1 9. Kxf1 Nbd7 10. g3 Bg7 11. Kg2 0-0 12. Re1 Ra6 13. Bf4 Qa8 14. Re2 Ng4 15. h3 Nge5 16. Nxe5 Nxe5 17. Rc1 Rb8 18. Rcc2 Nc4 19. Qd3 Rb4 20. a3 Nxb2 21. Rxb2 Rxa3 22. Rbc2 Rd4 23. Qb5 Rb4 24. Qc6 Qb8 25. Ra2 Rb6 26. Reb2 Rxb2 27. Rxa3 Bd4 28. Nd1 Qb4 29. Ra8+ Kg7 30. Qe8 1-0

[Event "CAN-ch"]
[Site "Guelph"]
[Date "2009.08.09"]
[Round "2"]
[White "Livshits, Ron"]
[Black "Jiang, Louie"]
[Result "1/2-1/2"]
[WhiteElo "2332"]
[BlackElo "2250"]
[PlyCount "83"]
[EventDate "2009.08.08"]
[EventType "swiss"]
[EventRounds "9"]
[EventCountry "CAN"]
[SourceTitle "CBM 132 Extra"]
[Source "ChessBase"]
[SourceDate "2009.11.03"]
[SourceVersion "1"]
[SourceVersionDate "2009.11.03"]
[SourceQuality "1"]

1. d4 d5 2. c4 e6 3. Nc3 Nf6 4. cxd5 exd5 5. Bg5 Be7 6. e3 c6 7. Qc2 0-0 8. Bd3 Nbd7 9. Nf3 Re8 10. 0-0 Nf8 11. h3 Ne4 12. Bf4 Nd6 13. b4 Be6 14. b5 cxb5 15. Nxb5 a6 16. Nc7 Rc8 17. Nxe6 Nxe6 18. Bxh7+ Kh8 19. Qb1 Nxf4 20. exf4 g6 21. Bxg6 fxg6 22. Qxg6 Bf6 23. Qh5+ Kg7 24. Qxd5 b5 25. Rfe1 Ne4 26. Qf5 Bxd4 27. Qg4+ Kf8 28. Rad1 Bxf2+ 29. Kf1 Bxe1 30. Rxd8 Ng3+ 31. Kg1 Ne2+ 32. Kh1 Ng3+ 33. Kh2 Rcxd8 34. h4 Bf2 35. Qg6 Rd7 36. Ng5 Re3 37. Qf6+ Ke8 38. Qg6+ Kd8 39. Qb6+ Ke8 40. Qg6+ Kd8 41. Qb6+ Ke8 42. Qg6+ 1/2-1/2

[Event "CAN-ch"]
[Site "Kitchener"]
[Date "2007.08.03"]
[Round "6"]
[White "Livshits, Ron"]
[Black "Stevens, Christian"]
[Result "1/2-1/2"]
[WhiteElo "2316"]
[BlackElo "2288"]
[PlyCount "27"]
[EventDate "2007.08.01"]
[EventType "swiss"]
[EventRounds "9"]
[EventCountry "CAN"]
[SourceTitle "EXT 2022"]
[Source "ChessBase"]
[SourceDate "2021.10.06"]
[SourceVersion "1"]
[SourceVersionDate "2021.10.06"]
[SourceQuality "1"]

1. d4 Nf6 2. c4 e6 3. Nf3 d5 4. Nc3 dxc4 5. e3 c5 6. Bxc4 a6 7. a4 Nc6 8. 0-0 Be7 9. Qe2 cxd4 10. Rd1 e5 11. exd4 exd4 12. Nxd4 Nxd4 13. Qe5 Qd6 14. Qxd6 1/2-1/2

[Event "Kingston city match 4"]
[Site "Kingston"]
[Date "2005.09.10"]
[Round "2"]
[White "Lawson, Eric"]
[Black "Livshits, Ron"]
[Result "0-1"]
[WhiteElo "2367"]
[BlackElo "2369"]
[PlyCount "86"]
[EventDate "2005.09.10"]
[EventType "swiss"]
[EventRounds "3"]
[EventCountry "CAN"]
[SourceTitle "EXT 2022"]
[Source "ChessBase"]
[SourceDate "2021.10.06"]
[SourceVersion "1"]
[SourceVersionDate "2021.10.06"]
[SourceQuality "1"]

1. d4 d5 2. Bg5 h6 3. Bh4 c6 4. Nf3 Bf5 5. e3 Qb6 6. Qc1 Nd7 7. c4 e6 8. c5 Qa5+ 9. Qc3 Qxc3+ 10. Nxc3 e5 11. b4 exd4 12. exd4 a6 13. Be2 g5 14. Bg3 Bg7 15. 0-0 Ne7 16. Rfd1 0-0 17. a4 Rfe8 18. Ra3 Bg4 19. h3 Bh5 20. Bc7 Bxf3 21. Bxf3 Nf5 22. Nxd5 cxd5 23. Bxd5 Nxd4 24. Bxb7 Ra7 25. c6 Nb8 26. Re3 Rxe3 27. Bxb8 Rxb7 28. cxb7 Re8 29. Bc7 Nc6 30. Rc1 Nxb4 31. b8Q Rxb8 32. Bxb8 Nd3 33. a5 Nxc1 34. Bc7 Bc3 35. Kf1 Kf8 36. f4 Nb3 37. fxg5 hxg5 38. Ke2 Bxa5 39. Bd6+ Kg7 40. Kd3 Kg6 41. Ba3 Bb6 42. Ke4 Nd2+ 43. Kd5 Nf1 0-1

[Event "Guelph op 3rd"]
[Site "Guelph"]
[Date "2004.07.30"]
[Round "3"]
[White "Dougherty, Michael J"]
[Black "Livshits, Ron"]
[Result "0-1"]
[WhiteElo "2229"]
[BlackElo "2346"]
[PlyCount "76"]
[EventDate "2004.07.28"]
[EventType "swiss"]
[EventRounds "9"]
[EventCountry "CAN"]
[SourceTitle "CBM 101 Extra"]
[Source "ChessBase"]
[SourceDate "2004.09.01"]
[SourceVersion "2"]
[SourceVersionDate "2004.09.01"]
[SourceQuality "1"]

1. e4 c5 2. Nf3 d6 3. Bb5+ Nd7 4. a4 Ngf6 5. d3 g6 6. 0-0 Bg7 7. h3 0-0 8. c3 Ne5 9. Nxe5 dxe5 10. Be3 Qd6 11. Nd2 Nh5 12. Nc4 Qc7 13. a5 Be6 14. a6 b6 15. b4 cxb4 16. cxb4 Rad8 17. Rc1 Qb8 18. Bc6 Nf4 19. Bxf4 exf4 20. Qe2 Rd4 21. b5 Rfd8 22. Rcd1 Bd7 23. Bxd7 R8xd7 24. Rd2 f3 25. Qe3 fxg2 26. Kxg2 Qd8 27. Rfd1 Rc7 28. Rc1 Rc5 29. Rdc2 Rxd3 30. Qf4 Qd7 31. Ne3 Be5 32. Qg4 Qxb5 33. Rxc5 bxc5 34. Qc8+ Kg7 35. Rc4 Qb2 36. Qb7 Rd2 37. Ng4 Bd4 38. Rb4 Rxf2+ 0-1

[Event "Guelph op 3rd"]
[Site "Guelph"]
[Date "2004.07.28"]
[Round "1"]
[White "Thavandiran, Shiyam"]
[Black "Livshits, Ron"]
[Result "0-1"]
[WhiteElo "2103"]
[BlackElo "2349"]
[PlyCount "94"]
[EventDate "2004.07.28"]
[EventType "swiss"]
[EventRounds "9"]
[EventCountry "CAN"]
[SourceTitle "CBM 101 Extra"]
[Source "ChessBase"]
[SourceDate "2004.09.01"]
[SourceVersion "2"]
[SourceVersionDate "2004.09.01"]
[SourceQuality "1"]

1. e4 c5 2. Nf3 d6 3. d4 cxd4 4. Nxd4 Nf6 5. Nc3 a6 6. Be3 Ng4 7. Bg5 h6 8. Bh4 g5 9. Bg3 Bg7 10. Be2 h5 11. Bxg4 Bxg4 12. f3 Bd7 13. a4 Nc6 14. Bf2 e6 15. Nxc6 Bxc6 16. Bd4 Be5 17. 0-0 Qf6 18. Ne2 g4 19. Bxe5 Qxe5 20. Qd4 gxf3 21. Qxe5 dxe5 22. gxf3 Rd8 23. Kf2 Rd2 24. Rfc1 Ke7 25. Ke3 Rhd8 26. b4 f5 27. exf5 exf5 28. f4 exf4+ 29. Nxf4 Rxh2 30. c4 Kf6 31. b5 axb5 32. axb5 Be4 33. Rg1 Rc2 34. Rg6+ Kf7 35. Rag1 Rc3+ 36. Ke2 Bf3+ 37. Kf2 Bg4 38. Rg7+ Kf6 39. Rg6+ Ke5 40. Nd5 Rxc4 41. Ne3 Rd2+ 42. Ke1 Re2+ 43. Kd1 Rxe3+ 44. Kd2 Re2+ 45. Kd3 Rd4+ 46. Kc3 Re3+ 47. Kc2 Bf3 0-1

[Event "Montreal Futurity 5th"]
[Site "Montreal"]
[Date "2003.12.29"]
[Round "4"]
[White "Livshits, Ron"]
[Black "Masse, Hugues"]
[Result "1/2-1/2"]
[WhiteElo "2344"]
[BlackElo "2120"]
[PlyCount "101"]
[EventDate "2003.12.26"]
[EventType "schev"]
[EventRounds "10"]
[EventCountry "CAN"]
[SourceTitle "CBM 098 Extra"]
[Source "ChessBase"]
[SourceDate "2004.03.10"]
[SourceVersion "2"]
[SourceVersionDate "2004.03.10"]
[SourceQuality "1"]

1. d4 Nf6 2. c4 g6 3. Nc3 d5 4. cxd5 Nxd5 5. e4 Nxc3 6. bxc3 Bg7 7. Bc4 c5 8. Ne2 0-0 9. 0-0 Nc6 10. Be3 Qc7 11. Rc1 Rd8 12. Qe1 Qa5 13. Rd1 cxd4 14. cxd4 Qxe1 15. Rfxe1 b6 16. Bb5 Bb7 17. d5 Nb4 18. Rd2 e6 19. a3 Ba6 20. Bxa6 Nxa6 21. dxe6 fxe6 22. Nd4 Nc5 23. f3 Rd6 24. Red1 Rad8 25. Kf1 Bf6 26. Ke2 Kf7 27. Nb5 Rxd2+ 28. Rxd2 a6 29. Nd6+ Kf8 30. Nc4 Rxd2+ 31. Kxd2 Bd8 32. Bxc5+ bxc5 33. Ne5 Ke7 34. Nd3 Kd6 35. Kc3 Bf6+ 36. Kc4 Bd4 37. a4 Kc6 38. Nf4 Kd6 39. h3 Be3 40. Nd3 Bd4 41. Nc1 Be3 42. Nb3 Kc6 43. Kd3 Bg1 44. Na5+ Kc7 45. Nc4 Bd4 46. e5 Kc6 47. Ke4 Ba1 48. f4 Bc3 49. g4 Be1 50. Nd6 Bh4 51. Nc8 1/2-1/2

[Event "Toronto op"]
[Site "Toronto"]
[Date "1998.05.15"]
[Round "2"]
[White "Livshits, Ron"]
[Black "Gurevich, Dmitry"]
[Result "0-1"]
[WhiteElo "2360"]
[BlackElo "2540"]
[PlyCount "124"]
[EventDate "1998.05.14"]
[EventType "swiss"]
[EventRounds "9"]
[EventCountry "CAN"]
[SourceTitle "CBM 065 Extra"]
[Source "ChessBase"]
[SourceDate "1998.09.09"]
[SourceVersion "1"]
[SourceVersionDate "1998.09.09"]
[SourceQuality "1"]

1. d4 Nf6 2. c4 c5 3. d5 b5 4. cxb5 a6 5. bxa6 g6 6. Nc3 Bxa6 7. Nf3 Bg7 8. e4 Bxf1 9. Kxf1 d6 10. g3 0-0 11. Kg2 Nbd7 12. Re1 Ng4 13. Qe2 Nge5 14. Nxe5 Nxe5 15. f4 Nd7 16. Bd2 Nb6 17. b3 c4 18. Rac1 Ra3 19. bxc4 Qc8 20. Rc2 Qxc4 21. Qxc4 Nxc4 22. Nb1 Ra4 23. Rec1 Nxd2 24. Nxd2 f5 25. exf5 Rxf5 26. Nc4 Rf8 27. h4 Rb8 28. Kf3 h5 29. Ne3 Kf7 30. f5 Ra3 31. Ke4 Rb4+ 32. Rc4 Rb2 33. R1c2 Raxa2 34. Rxb2 Rxb2 35. Rc7 Bf6 36. fxg6+ Kxg6 37. Rc2 Rb4+ 38. Rc4 Rb1 39. Rc7 Ra1 40. Rc2 Be5 41. Rg2 Ra4+ 42. Kf3 Bd4 43. Rd2 Bxe3 44. Kxe3 Kf5 45. Kf3 Ra3+ 46. Kg2 Re3 47. Kf2 Re4 48. Kf3 Ke5 49. Rd1 Kf5 50. Rd2 Rb4 51. Rd3 Re4 52. Rd1 Re5 53. Rd2 Re1 54. Kf2 Rb1 55. Re2 Rd1 56. Rxe7 Rxd5 57. Ke3 Re5+ 58. Rxe5+ dxe5 59. Kf3 e4+ 60. Ke3 Ke5 61. g4 hxg4 62. h5 g3 0-1

[Event "Toronto op"]
[Site "Toronto"]
[Date "1997.??.??"]
[Round "2"]
[White "Charbonneau, Pascal"]
[Black "Livshits, Ron"]
[Result "1/2-1/2"]
[WhiteElo "2235"]
[BlackElo "2485"]
[PlyCount "39"]
[EventDate "1997.??.??"]
[EventType "swiss"]
[EventRounds "7"]
[EventCountry "CAN"]
[SourceTitle "EXT 2001"]
[Source "ChessBase"]
[SourceDate "2000.11.22"]
[SourceVersion "1"]
[SourceVersionDate "2000.11.22"]
[SourceQuality "1"]

1. e4 c5 2. Nf3 Nc6 3. Nc3 d6 4. Bb5 Bd7 5. Bxc6 Bxc6 6. d4 cxd4 7. Qxd4 Nf6 8. Bg5 e6 9. 0-0-0 Be7 10. Rhe1 0-0 11. e5 dxe5 12. Qh4 Qc7 13. Nxe5 h6 14. Bxh6 gxh6 15. Qxh6 Ne4 16. Nxe4 Qxe5 17. Rd3 Bxe4 18. Rg3+ Qxg3 19. hxg3 Bg6 20. Rxe6 1/2-1/2

[Event "Toronto"]
[Site "Toronto"]
[Date "1997.??.??"]
[Round "3"]
[White "Day, Lawrence A"]
[Black "Livshits, Ron"]
[Result "1/2-1/2"]
[WhiteElo "2415"]
[BlackElo "2370"]
[PlyCount "71"]
[EventDate "1997.??.??"]
[EventType "tourn"]
[EventRounds "11"]
[EventCountry "CAN"]
[EventCategory "1"]
[SourceTitle "EXT 1998"]
[Source "ChessBase"]
[SourceDate "1997.11.17"]
[SourceVersion "1"]
[SourceVersionDate "1997.11.17"]
[SourceQuality "1"]

1. e4 c5 2. Nc3 e6 3. Nf3 Nc6 4. Bb5 Nge7 5. 0-0 a6 6. Bxc6 Nxc6 7. d4 cxd4 8. Nxd4 Qc7 9. Nxc6 bxc6 10. b3 Be7 11. Bb2 d6 12. Qg4 Bf6 13. Qg3 Bb7 14. Na4 Bxb2 15. Nxb2 0-0 16. Rad1 Rad8 17. Nc4 e5 18. f4 d5 19. Nxe5 dxe4 20. Qc3 Rxd1 21. Rxd1 f6 22. Qc4+ Kh8 23. Qc5 Re8 24. Rd7 Qc8 25. Nf7+ Kg8 26. Qf5 e3 27. Kf1 c5 28. Nd6 Bxg2+ 29. Ke1 g6 30. Qg4 f5 31. Nxf5 Bf3 32. Nh6+ Kh8 33. Nf7+ Kg8 34. Nh6+ Kh8 35. Nf7+ Kg8 36. Nh6+ 1/2-1/2

[Event "Toronto op"]
[Site "Toronto"]
[Date "1997.??.??"]
[Round "5"]
[White "Kudrin, Sergey"]
[Black "Livshits, Ron"]
[Result "1/2-1/2"]
[WhiteElo "2515"]
[BlackElo "2485"]
[PlyCount "58"]
[EventDate "1997.??.??"]
[EventType "swiss"]
[EventRounds "7"]
[EventCountry "CAN"]
[SourceTitle "EXT 2001"]
[Source "ChessBase"]
[SourceDate "2000.11.22"]
[SourceVersion "1"]
[SourceVersionDate "2000.11.22"]
[SourceQuality "1"]

1. e4 c6 2. d4 d5 3. Nc3 dxe4 4. Nxe4 Nd7 5. Ng5 Ngf6 6. Bd3 e6 7. N1f3 Bd6 8. Qe2 h6 9. Ne4 Nxe4 10. Qxe4 Nf6 11. Qe2 Qc7 12. Bd2 b6 13. 0-0-0 Bb7 14. Kb1 c5 15. dxc5 Qxc5 16. Bb5+ Ke7 17. Be3 Qc7 18. Nd4 Rhd8 19. Nf5+ Kf8 20. Nxd6 Rxd6 21. Bd2 Rd4 22. f3 Rad8 23. Bd3 Nd5 24. g3 Ne7 25. Be3 Nf5 26. Bf2 R4d5 27. Rhe1 Nd4 28. Bxd4 Rxd4 29. c3 R4d7 1/2-1/2

[Event "Toronto op"]
[Site "Toronto"]
[Date "1997.??.??"]
[Round "1"]
[White "Livshits, Ron"]
[Black "Filipovich, David"]
[Result "1/2-1/2"]
[WhiteElo "2485"]
[BlackElo "2330"]
[PlyCount "60"]
[EventDate "1997.??.??"]
[EventType "swiss"]
[EventRounds "7"]
[EventCountry "CAN"]
[SourceTitle "EXT 2001"]
[Source "ChessBase"]
[SourceDate "2000.11.22"]
[SourceVersion "1"]
[SourceVersionDate "2000.11.22"]
[SourceQuality "1"]

1. d4 d5 2. c4 c6 3. Nf3 Nf6 4. Nc3 dxc4 5. a4 Na6 6. e4 Bg4 7. Bxc4 e6 8. Be3 Nb4 9. Qd2 Bxf3 10. gxf3 Be7 11. Rg1 g6 12. Ke2 0-0 13. Na2 a5 14. Nxb4 axb4 15. Bb3 Qc7 16. Bf4 Qb6 17. Be5 Rfd8 18. Qf4 Nd7 19. Bc7 Qxd4 20. Bxd8 Rxd8 21. Qd2 Qxd2+ 22. Kxd2 Nc5+ 23. Kc2 Rd3 24. Bc4 b3+ 25. Kb1 Rxf3 26. Rg3 Rxf2 27. Bxb3 Bf6 28. Bc2 Rxh2 29. Raa3 h5 30. Rg1 h4 1/2-1/2

[Event "Toronto"]
[Site "Toronto"]
[Date "1997.??.??"]
[Round "10"]
[White "Livshits, Ron"]
[Black "Williams, Paul"]
[Result "1-0"]
[WhiteElo "2370"]
[BlackElo "2235"]
[PlyCount "77"]
[EventDate "1997.??.??"]
[EventType "tourn"]
[EventRounds "11"]
[EventCountry "CAN"]
[EventCategory "1"]
[SourceTitle "EXT 1998"]
[Source "ChessBase"]
[SourceDate "1997.11.17"]
[SourceVersion "1"]
[SourceVersionDate "1997.11.17"]
[SourceQuality "1"]

1. e4 c5 2. Nf3 Nc6 3. d4 cxd4 4. Nxd4 Nf6 5. Nc3 e5 6. Ndb5 d6 7. Bg5 a6 8. Na3 b5 9. Nd5 Be7 10. Bxf6 Bxf6 11. c3 Rb8 12. Nc2 Bg5 13. g3 0-0 14. Bg2 Be6 15. 0-0 Qd7 16. Qh5 h6 17. Qe2 Bxd5 18. exd5 Ne7 19. a4 bxa4 20. h4 Bf6 21. Nb4 Qb5 22. Rfe1 Rb6 23. Qe4 a5 24. Nd3 g6 25. Red1 Bg7 26. Qxa4 Rc8 27. Qxa5 f5 28. Nb4 f4 29. Qxb5 Rxb5 30. Bh3 Rc7 31. Ra6 fxg3 32. fxg3 e4 33. Rxd6 Kh7 34. Re6 Nf5 35. d6 Rd7 36. Bxf5 gxf5 37. Re7 Rbb7 38. Nd5 Kg8 39. Nc7 1-0

[Event "Toronto"]
[Site "Toronto"]
[Date "1997.??.??"]
[Round "1"]
[White "Livshits, Ron"]
[Black "Zugic, Igor"]
[Result "0-1"]
[WhiteElo "2370"]
[BlackElo "2165"]
[PlyCount "68"]
[EventDate "1997.??.??"]
[EventType "tourn"]
[EventRounds "11"]
[EventCountry "CAN"]
[EventCategory "1"]
[SourceTitle "EXT 1998"]
[Source "ChessBase"]
[SourceDate "1997.11.17"]
[SourceVersion "1"]
[SourceVersionDate "1997.11.17"]
[SourceQuality "1"]

1. d4 Nf6 2. c4 g6 3. Nc3 d5 4. cxd5 Nxd5 5. e4 Nxc3 6. bxc3 Bg7 7. Nf3 c5 8. Rb1 0-0 9. Be2 Nc6 10. d5 Ne5 11. Nxe5 Bxe5 12. Qc2 b6 13. Be3 Bg7 14. f4 e5 15. 0-0 Qd6 16. c4 f5 17. Rbe1 Bd7 18. Bd3 fxe4 19. Bxe4 exf4 20. Bc1 Rae8 21. Kh1 Be5 22. Bd3 Bd4 23. Be4 Re7 24. Bd2 Be5 25. Bd3 Bg4 26. h3 Bd7 27. Rf3 g5 28. Rxe5 Qxe5 29. Bc3 Qd6 30. Bb2 Kf7 31. Bxh7 Ke8 32. a4 a5 33. Qb1 Kd8 34. Rb3 f3 0-1

[Event "Olympiad-32"]
[Site "Yerevan"]
[Date "1996.09.27"]
[Round "11.3"]
[White "Ravi, Thandalam Shanmugam"]
[Black "Livshits, Ron"]
[Result "1-0"]
[WhiteElo "2345"]
[BlackElo "2390"]
[PlyCount "53"]
[EventDate "1996.09.15"]
[EventType "team-swiss"]
[EventRounds "14"]
[EventCountry "ARM"]
[SourceTitle "CBM 055"]
[Source "ChessBase"]
[SourceDate "1996.12.01"]
[SourceVersion "1"]
[SourceVersionDate "1996.12.01"]
[SourceQuality "1"]
[WhiteTeam "India"]
[BlackTeam "Canada"]
[WhiteTeamCountry "IND"]
[BlackTeamCountry "CAN"]

1. e4 c5 2. c3 d5 3. exd5 Qxd5 4. d4 Nf6 5. Nf3 Bg4 6. Be2 e6 7. 0-0 Nc6 8. h3 Bh5 9. Be3 cxd4 10. cxd4 Bb4 11. Nc3 Qd6 12. Qb3 0-0 13. Rfd1 Rac8 14. d5 Na5 15. Qa4 Bxc3 16. bxc3 b6 17. Bf4 Qe7 18. d6 Qb7 19. d7 Ra8 20. Bg5 Qc6 21. Qh4 Bg6 22. Bxf6 gxf6 23. Qxf6 Rad8 24. Ne5 Qxc3 25. Rac1 Qb2 26. Ba6 Qxa2 27. Rc8 1-0

[Event "Olympiad-32"]
[Site "Yerevan"]
[Date "1996.09.21"]
[Round "6.4"]
[White "Ooi, Chern Ee"]
[Black "Livshits, Ron"]
[Result "1-0"]
[WhiteElo "2225"]
[BlackElo "2390"]
[PlyCount "159"]
[EventDate "1996.09.15"]
[EventType "team-swiss"]
[EventRounds "14"]
[EventCountry "ARM"]
[SourceTitle "CBM 055"]
[Source "ChessBase"]
[SourceDate "1996.12.01"]
[SourceVersion "1"]
[SourceVersionDate "1996.12.01"]
[SourceQuality "1"]
[WhiteTeam "Malaysia"]
[BlackTeam "Canada"]
[WhiteTeamCountry "MAS"]
[BlackTeamCountry "CAN"]

1. d4 Nf6 2. c4 e6 3. Nc3 Bb4 4. f3 d5 5. a3 Bxc3+ 6. bxc3 c5 7. cxd5 Nxd5 8. dxc5 Qa5 9. e4 Ne7 10. Be3 0-0 11. Qb3 Nec6 12. Bb5 e5 13. Ne2 Qc7 14. 0-0 Be6 15. Qc2 Na5 16. f4 a6 17. Bd3 Bb3 18. Qb1 Nd7 19. Nd4 Nxc5 20. Nxb3 Naxb3 21. Ra2 Nxd3 22. Qxd3 Rfd8 23. Qc2 exf4 24. Bxf4 Qc5+ 25. Kh1 Qc4 26. Qf2 Nc5 27. Re2 Nd3 28. Qe3 Nxf4 29. Rxf4 Rd3 30. Qf2 Rd1+ 31. Re1 Rad8 32. h4 Qxc3 33. Rxd1 Rxd1+ 34. Kh2 Qe5 35. g3 f6 36. Qc2 Rd8 37. Rf5 Qe6 38. Rc5 Re8 39. Rc7 Qxe4 40. Qb3+ Kh8 41. Qxb7 Qe2+ 42. Qg2 Qd3 43. Re7 Rc8 44. Qe2 Qxe2+ 45. Rxe2 Kg8 46. Re6 a5 47. Ra6 Rc5 48. Ra7 h5 49. Kg2 Kh7 50. Kh2 Kg6 51. Kg2 Kf5 52. Rxg7 Rc2+ 53. Kh3 Ra2 54. Rh7 Kg6 55. Ra7 Rxa3 56. Kg2 Ra2+ 57. Kh3 a4 58. Ra5 a3 59. Ra6 Ra1 60. Kg2 Ra2+ 61. Kh3 Kg7 62. Ra5 Kh6 63. Ra7 f5 64. Ra6+ Kg7 65. Ra7+ Kf6 66. Ra8 Ke5 67. Ra4 Kd5 68. Ra5+ Ke4 69. Ra4+ Ke3 70. Ra5 Kf2 71. Rxf5+ Kg1 72. Rxh5 Rc2 73. Ra5 a2 74. h5 Rh2+ 75. Kg4 Rg2 76. Ra3 Kh2 77. Kh4 Kg1 78. g4 Rc2 79. h6 Rh2+ 80. Kg5 1-0